00637nam a2200193Ia 4500008004100000082001300041100001500054245004500069250000800114260002500122300001400147500002400161650001500185700001900200942000700219952010000226952010000326999001700426230524s9999 xx 000 0 und d a420bSHA aR.C.Sharma 0aBusiness Correspondance & Report Writing a3RD aNEW DELHIbTMHc2004 aXVIII;421 aQuantity Number: 2 aManagement a Krishna Mohan cBK 00104070aTATCLbTATCLcGENd2023-05-24l0o420 SHAp8843r2023-05-24w2023-05-24yBKzMBA208 00104070aTATCLbTATCLcGENd2023-05-24l0o420 SHAp8844r2023-05-24w2023-05-24yBKzMBA208 c31681d31681